MARC details
| 000 -LEADER |
| campo de control de longitud fija |
02088nam a2200505 i 4500 |
| 001 - NÚMERO DE CONTROL |
| campo de control |
197641 |
| 003 - IDENTIFICADOR DE NÚMERO DE CONTROL |
| campo de control |
ES-MaACL |
| 005 - FECHA Y HORA DE LA ÚLTIMA TRANSACCIÓN |
| campo de control |
20250812080430.0 |
| 007 - CAMPO FIJO DE DESCRIPCIÓN FÍSICA--INFORMACIÓN GENERAL |
| campo de control de longitud fija |
ta |
| 008 - DATOS DE LONGITUD FIJA--INFORMACIÓN GENERAL |
| campo de control de longitud fija |
010222s2000 sp a c 000 0 spa c |
| 017 ## - NÚMERO DE COPYRIGHT O DE DEPÓSITO LEGAL |
| Número de copyright o de depósito legal |
S 229-2000 |
| Agencia que asigna |
Oficina Depósito Legal Salamanca |
| 020 ## - NÚMERO INTERNACIONAL ESTÁNDAR DEL LIBRO |
| Número Internacional Estándar del Libro |
8488265751 |
| 035 ## - NÚMERO DE CONTROL DEL SISTEMA |
| Número de control de sistema |
(ES-BaCBU).b42883489 |
| 035 ## - NÚMERO DE CONTROL DEL SISTEMA |
| Número de control de sistema |
(OCoLC)804475999 |
| 035 ## - NÚMERO DE CONTROL DEL SISTEMA |
| Número de control de sistema |
991011767819706706 |
| 040 ## - FUENTE DE CATALOGACIÓN |
| Centro catalogador/agencia de origen |
ES-BaCBU |
| Lengua de catalogación |
cat |
| Centro/agencia transcriptor |
ES-BaCBU |
| 080 ## - NÚMERO DE LA CLASIFICACIÓN DECIMAL UNIVERSAL |
| Número de la Clasificación Decimal Universal |
7 |
| 084 ## - OTRO NÚMERO DE CLASIFICACIÓN |
| Número de clasificación |
7.047(46Cas) |
| Fuente del número |
z |
| 084 ## - OTRO NÚMERO DE CLASIFICACIÓN |
| Número de clasificación |
7(064)(46Ast)"2000" |
| Fuente del número |
z |
| 245 10 - MENCIÓN DEL TÍTULO |
| Título |
Encrucijadas / |
| Mención de responsabilidad, etc. |
[secretaría y coordinación, Maria Meléndez Alonso; comisario general: Antonio-Ignacio Melendez Alosnso] |
| 246 33 - FORMA VARIANTE DEL TITULO |
| Título propio/Titulo breve |
Edades del Hombre |
| 246 18 - FORMA VARIANTE DEL TITULO |
| Título propio/Titulo breve |
Edades del hombre : encrucijadas |
| 260 ## - PUBLICACIÓN, DISTRIBUCIÓN, ETC. |
| Lugar de publicación, distribución, etc. |
[Valladolid] : |
| Nombre del editor, distribuidor, etc. |
Las Edades del Hombre, |
| Fecha de publicación, distribución, etc. |
2000 |
| 300 ## - DESCRIPCIÓN FÍSICA |
| Extensión |
480 páginas : |
| Otras características físicas |
ilustrado a color ; |
| Dimensiones |
30 cm |
| 336 ## - TIPO DE CONTENIDO |
| Fuente |
rdacontent |
| Término de tipo de contenido |
texto |
| 337 ## - TIPO DE MEDIO |
| Fuente |
rdamedia |
| Nombre/término del tipo de medio |
sin mediación |
| 338 ## - TIPO DE SOPORTE |
| Fuente |
rdacarrier |
| Nombre/término del tipo de soporte |
volumen |
| 500 ## - NOTA GENERAL |
| Nota general |
Catálogo de la exposición en la Catedral de Astorga del 4 de mayo al 5 de noviembre del 2000. |
| 504 ## - NOTA DE BIBLIOGRAFÍA, ETC. |
| Nota de bibliografía, etc. |
Bibliografía páginas 469-480 |
| 650 00 - PUNTO DE ACCESO ADICIONAL DE MATERIA--TÉRMINO DE MATERIA |
| Término de materia o nombre geográfico como elemento de entrada |
Arte religioso- |
| Subdivisión geográfica |
Castilla y León- |
| Subdivisión general |
Exposiciones |
| 9 (RLIN) |
240991 |
| 655 #7 - TERMINO DE INDIZACIÓN--GENERO/FORMA |
| Fuente del término |
tgfbne |
| 9 (RLIN) |
193628 |
| Datos o término principal de género/forma |
Catálogos de exposiciones |
| 700 ## - ENTRADA AGREGADA--NOMBRE PERSONAL |
| Nombre de persona |
Meléndez Alonso, Antonio-Ignacio |
| 9 (RLIN) |
240990 |
| Término indicativo de función/relación |
Comisario |
| 700 ## - ENTRADA AGREGADA--NOMBRE PERSONAL |
| Nombre de persona |
Meléndez Alonso, María |
| 9 (RLIN) |
240994 |
| Término indicativo de función/relación |
Secretario/a |
| 710 2# - ENTRADA AGREGADA--NOMBRE DE ENTIDAD CORPORATIVA |
| Nombre de entidad corporativa o nombre de jurisdicción como elemento de entrada |
Catedral de Astorga |
| 9 (RLIN) |
241022 |
| 710 2# - ENTRADA AGREGADA--NOMBRE DE ENTIDAD CORPORATIVA |
| Nombre de entidad corporativa o nombre de jurisdicción como elemento de entrada |
Fundación Las Edades del Hombre |
| 9 (RLIN) |
148337 |
| 711 2# - ENTRADA AGREGADA--NOMBRE DE REUNIÓN |
| Nombre de congreso/reunión o jurisdicción como elemento de entrada |
Las Edades del Hombre |
| Número del congreso/reunión o número de parte o sección |
(8a : |
| Fecha del congreso o de la firma del tratado |
2000 : |
| Sede del congreso/Lugar de la reunión |
Astorga, Castilla y León) |
| 9 (RLIN) |
241023 |
| 830 #3 - PUNTO DE ACCESO ADICIONAL DE SERIE-TÍTULO UNIFORME |
| Título uniforme |
Las Edades del hombre |
| 9 (RLIN) |
241024 |
| 852 ## - LOCALIZACIÓN |
| Ubicación |
ES-MaACL |
| Ubicación en estantería |
Depósito 1 |
| Número de control de estantería |
A-15727 |
| Donativo/Legado |
Donación: Fernando Codina Rodríguez |
| Encuadernación |
Encuadernación rústica |
| itemnumber |
206085 |
| 856 4# - LOCALIZACIÓN Y ACCESO ELECTRÓNICOS |
| Nota pública |
Información relacionada |
| Identificador Uniforme de Recursos |
<a href="http://www.lasedades.es">http://www.lasedades.es</a> |
| 903 ## - NOMBRE PERSONAL DE DONANTE |
| a |
Codina Rodríguez, Fernando |
| e |
Donante |
| 9 |
238631 |
| 942 ## - ELEMENTOS DE ENTRADA SECUNDARIOS (KOHA) |
| Suprimir en OPAC |
No |
| Tipo de ítem Koha |
Libro impreso |